| 000 | 00000nam##2200000za#4500 |
| 001 | 9.699745 |
| 003 | CaOODSP |
| 005 | 20241203113638 |
| 007 | cr ||||||||||| |
| 008 | 150407|1998||||xxc|||||o f|0| 0 eng|d |
| 040 | |aCaOODSP|beng |
| 043 | |an-cn--- |
| 086 | 1 |aEn40-573/1999E-PDF |
| 110 | 1 |aCanada. |bEnvironment Canada. |
| 245 | 10|aNational guidelines for monitoring dredged and excavated material at ocean disposal sites / |h[electronic resource]|c[issued by the] Disposal at Sea Program. |
| 260 | |aOttawa - Ontario : |bEnvironment Canada |cSeptember 1998. |
| 300 | |a30p.|bfigs., references, tables, photographs |
| 500 | |aThe catalogue number (En40-573/1999) and ISBN (0-662-64142-6) for the bilingual print edition have been incorrectly copied in this electronic publication. |
| 520 | 3 |aProvides advice to managers and professionals on developing and implementing monitoring projects at ocean disposal sites that receive dredged and excavated materials. Issues discussed include: triggers to monitoring, developing monitoring plans, study design, data analysis, biological assessment tools.--Page 1 |
| 590 | |a14-21-Supp|b2014-12-11 |
| 690 | 07|aWaste management|2gcpds |
| 690 | 07|aWater pollution|2gcpds |
| 775 | 08|tLignes directrices nationales relatives à la surveillance des lieux utilisés pour l'immersion en mer de déblais de dragage et d'excavation / |w(CaOODSP)9.643723 |
| 776 | 0#|tNational guidelines for monitoring dredged and excavated material at ocean disposal sites |w(CaOODSP)9.660885 |
| 776 | 0#|tLignes directrices nationales relatives à la surveillance des lieux utilisés pour l'immersion en mer de déblais de dragage et d'excavation |w(CaOODSP)9.660886 |
| 856 | 40|ahttp://publications.gc.ca|qPDF|s581 KB|uhttps://publications.gc.ca/collections/collection_2014/ec/En40-573-1999-eng.pdf |